Football : les clubs d'Hatem Ben Arfa - Statistiques

Statistiques générales
  • Ce quiz a été pris 231 fois
  • Le résultat moyen est 8 sur 10
Statistiques - réponses
Période Club % Correct
2016-2018 PSG
97%
2008-2010 OM
95%
2004-2008 OL
94%
2015-2016 Nice
90%
2018-2019 Rennes
83%
2010-2014 Newcastle
80%
2021-2022 LOSC
73%
2020-2021 Bordeaux
64%
2019-2020 Real Valladolid
45%
2014-2015 Hull City
37%
Aucun quiz correspondant
Distribution des résultats
% des personnes avec chaque résultat
Percentile par nombre de réponses
Votre historique - résultats
Vous n’avez pas pris ce quiz